000 00312nam a22001337a 4500
008 180925b xxu||||| |||| 00| 0 eng d
020 _a9780471714224
041 _aeng
080 _a341
100 _a14
101 _aLAW
245 _aPuTTS.law And The Successful Technocrat
_cPutt.A
942 _2udc
_cBK
999 _c48451
_d48451